| 000 | 00843cam a2200265 a 4500 | ||
|---|---|---|---|
| 008 | |||
| 020 | _a9780080969022 (pbk.) | ||
| 049 | _aMAIN | ||
| 090 |
_aTA169 _bSMI |
||
| 100 | 1 | _aSmith, David John. | |
| 245 | 1 | 0 |
_aReliability, maintainability, and risk : _bpractical methods for engineers / _cDavid J. Smith. |
| 250 | _a8th ed. | ||
| 260 |
_aAmsterdam ; _aBoston : _bButterworth-Heinemann/Elsevier, _c2011. |
||
| 300 |
_axxi, 436 p. : _bill. ; _c24 cm. |
||
| 504 | _aIncludes bibliographical references. | ||
| 500 | _aIncludes index. | ||
| 650 | 0 | _aReliability (Engineering) | |
| 650 | 0 | _aMaintainability (Engineering) | |
| 650 | 0 | _aEngineering design. | |
| 907 |
_a.b10388898 _b20-02-18 _c16-02-18 |
||
| 003 | |||
| 005 | 20230123141104.0 | ||
| 040 | _cNUST | ||
| 942 |
_cBOOKS _kTA169 _mSMI |
||
| 999 |
_c167471 _d167471 |
||